000 01014nam a22002297a 4500
003 OSt
005 20250918101509.0
008 250515t2003 ag |||||r|||| 001 1dspa d
020 _a950-722-058-5
040 _cbesoc
080 _078.085
245 0 0 _aLetras de tango :
_bde ayer, de hoy y de siempre /
_c[compilado por Carlos Alberto Cosentino].
250 _a1a ed.
260 _aBuenos Aires :
_bEdiciones del Club,
_c2003.
300 _a192 p. ;
_c20 cm.
504 _aIncluye índice de autores
504 _aIncluye índice de compositores
505 1 _tA media luz -- Adiós, muchachos -- Adiós, Pampa mía -- Afiches -- Al mundo le falta un tornillo -- Amurado -- Anclao en París -- Aquel tapado de armiño -- Arrabal amargo -- Atenti, pebeta -- Balada para un loco -- Bandoneón arrabalero -- Barrio de tango -- Café La Humedad -- Cambalache -- Caminito -- El último organito -- Naranjo en flor -- Sur -- Volver.
650 4 _aTangos
700 1 _aCosentino, Carlos Alberto.
942 _2udc
_cOG
_n0
999 _c491
_d491